000 00852nam a22002537a 4500
005 20110712103525.0
008 110712t xxu||||| |||| 00| 0 eng d
010 _aENG-102985
020 _a9788120343061
_c350.00
035 _aEN-86518
037 _bDBAD / PUB
040 _adpl
_bEnglish
082 _a339
100 _929416
_aGhosh, Chandana
245 _aMacroeconomics /
_cby Chandana Ghosh [and] Ambar Ghosh
260 _aNew Delhi
_bPHI Learning
_c2011
270 _aM-97, Connaught Circus
_bNew Delhi
_e110001
300 _axiii, 421p.
_c24cm (pbk)
500 _aIncludes bibliographical references and index
650 _929417
700 _929429
_aGhosh, Amber
942 _2ddc
_cEN
_mGHO
_h339
999 _c53756
_d53756